| 000 | 00976nam a2200205 a 4500 | ||
|---|---|---|---|
| 001 | 22655 | ||
| 003 | CO-ViMGA | ||
| 008 | 141112s2004 ck r 000 u spa d | ||
| 040 |
_aCO-ViMGA _bspa _cCO-ViMGA |
||
| 082 | 0 | 4 | _a332.9 V351e |
| 100 | 1 |
_aVelásquez posada, Luis Gonzalo _932282 |
|
| 245 | 1 | 0 | _aElementos de seguridad documental |
| 260 |
_aMedellin : _bSeñal Editorial, _c2005 |
||
| 300 | _a283 | ||
| 505 | _aLa cedula de ciudadania colombiana : evolucion, formatos utilizados y sus caracteristicas, verificacion de su autencidad 19 - 91 - - El papel monedad colombiano : denominaciones, prevencion y diagnostico de su falsificacion 97 - 147 - - Falsificacion mas frecuentes del dolar Américano : 149 - 151 | ||
| 590 | _aForma de adquisición : Compra - - Precio : 37000 - - Proveedor : Dismet - - Fecha de adquisición : 2008 | ||
| 650 | 1 | 4 |
_aFALSIFICACION DE DOCUMENTOS LEGALES _932283 |
| 650 | 1 | 4 |
_aFALSIFICACION DE MONEDAS COLOMBIANAS _932284 |
| 942 |
_2ddc _cBK |
||
| 999 |
_c30955 _d30955 |
||